000 00222nam a2200097Ia 4500
005 20251222114409.0
008 251222s1900||||xx |||||||||||||| ||spa||
082 _aDVD0070/D23/2009
245 0 _aPrecious:Preciosa
942 _cDVD
999 _c1944
_d1944